Sikap kita dalam pergulan, (Record no. 85143)

MARC details
000 -LEADER
fixed length control field 00510cam a22002051 4500
001 - CONTROL NUMBER
control field sa 68013491
003 - CONTROL NUMBER IDENTIFIER
control field DLC
005 - DATE AND TIME OF LATEST TRANSACTION
control field 20260227112622.0
008 - FIXED-LENGTH DATA ELEMENTS--GENERAL INFORMATION
fixed length control field 890510m19689999io 000 0 ind
010 ## - LIBRARY OF CONGRESS CONTROL NUMBER
LC control number sa 68013491
035 ## - SYSTEM CONTROL NUMBER
System control number (OCoLC)23576145
040 ## - CATALOGING SOURCE
Original cataloging agency DLC
Transcribing agency MiU
Modifying agency DLC
042 ## - AUTHENTICATION CODE
Authentication code premarc
050 00 - LIBRARY OF CONGRESS CALL NUMBER
Classification number BJ2007.I5
Item number S6
100 1# - MAIN ENTRY--PERSONAL NAME
Personal name Soetjipto, S. Soemiati.
245 10 - TITLE STATEMENT
Title Sikap kita dalam pergulan,
260 ## - PUBLICATION, DISTRIBUTION, ETC.
Place of publication, distribution, etc. Djakarta,
Name of publisher, distributor, etc. Balai Pustaka,
Date of publication, distribution, etc. 1968-
300 ## - PHYSICAL DESCRIPTION
Extent 3 v.
Dimensions 21 cm.
650 #0 - SUBJECT ADDED ENTRY--TOPICAL TERM
Topical term or geographic name entry element Etiquette

No items available.

Powered by Koha